Njanjian remadja / (Record no. 63672)

MARC details
000 -LEADER
fixed length control field 00574cam a22002051a 4500
001 - CONTROL NUMBER
control field sa 65004312
003 - CONTROL NUMBER IDENTIFIER
control field DLC
005 - DATE AND TIME OF LATEST TRANSACTION
control field 20260227112129.0
008 - FIXED-LENGTH DATA ELEMENTS--GENERAL INFORMATION
fixed length control field 890324q19611995io a 000 0 ind
010 ## - LIBRARY OF CONGRESS CONTROL NUMBER
LC control number sa 65004312
025 ## - OVERSEAS ACQUISITION NUMBER
Overseas acquisition number PL480:Indo-1574
035 ## - SYSTEM CONTROL NUMBER
System control number (OCoLC)23570021
040 ## - CATALOGING SOURCE
Original cataloging agency DLC
Transcribing agency MiU
Modifying agency WU
-- DLC
042 ## - AUTHENTICATION CODE
Authentication code premarc
050 00 - LIBRARY OF CONGRESS CALL NUMBER
Classification number PL5089.Y3
Item number C56
100 1# - MAIN ENTRY--PERSONAL NAME
Personal name Yang, Mo.
245 10 - TITLE STATEMENT
Title Njanjian remadja /
Statement of responsibility, etc. oleh Jang Mo.
260 ## - PUBLICATION, DISTRIBUTION, ETC.
Place of publication, distribution, etc. [Djakarta] :
Name of publisher, distributor, etc. Bagian Penerbitan, Lembaga Kebudajaan Rakjat,
Date of publication, distribution, etc. [cover 1961 [i.e. 1962-
300 ## - PHYSICAL DESCRIPTION
Extent v. :
Other physical details ill. ;
Dimensions 18 cm.

No items available.

Powered by Koha